Integrated geospatial technologies (Record no. 103487)

MARC details
000 -LEADER
fixed length control field 01245cam a2200313 4500
008 - FIXED-LENGTH DATA ELEMENTS--GENERAL INFORMATION
fixed length control field 040419n2003 000 0 eng u
020 ## - INTERNATIONAL STANDARD BOOK NUMBER
International Standard Book Number 0471244090
035 ## - SYSTEM CONTROL NUMBER
System control number (Sirsi) u125867
041 ## - LANGUAGE CODE
Language code of text/sound track or separate title eng
050 ## - LIBRARY OF CONGRESS CALL NUMBER
Classification number 526.9823
-- 18
100 ## - MAIN ENTRY--PERSONAL NAME
Personal name Thurston, Jeff
245 ## - TITLE STATEMENT
Title Integrated geospatial technologies
Remainder of title a guide to GPS, GIS and data logging
260 ## - PUBLICATION, DISTRIBUTION, ETC.
Place of publication, distribution, etc. Hoboken
-- New Jersey
Name of publisher, distributor, etc. Wiley
Date of publication, distribution, etc. 2003
300 ## - PHYSICAL DESCRIPTION
Extent xiii, 266p.
Dimensions 25cm.
350 ## - PRICE (NR) (BK AM CF MU VM SE) [OBSOLETE]
Price 35.35
520 ## - SUMMARY, ETC.
Summary, etc. This book provides an integrated approach to various geotechnologies, mixing basic theory with practical applications. Chapters cover: geotechnology and integration; geodetics; cartography, mapping and map serving; geographic information systems; global positioning systems; geotechnology integration; sensors and instrumentation; digital photogrammetry and remote sensing; and visualization. Includes case studies and references.
650 ## - SUBJECT ADDED ENTRY--TOPICAL TERM
Topical term or geographic name entry element CARTOGRAPHY
650 ## - SUBJECT ADDED ENTRY--TOPICAL TERM
Topical term or geographic name entry element VISUALISATION
650 ## - SUBJECT ADDED ENTRY--TOPICAL TERM
Topical term or geographic name entry element REMOTE SENSING
650 ## - SUBJECT ADDED ENTRY--TOPICAL TERM
Topical term or geographic name entry element DIGITAL PHOTOGRAMMETRY
650 ## - SUBJECT ADDED ENTRY--TOPICAL TERM
Topical term or geographic name entry element GEODETIC SURVEYING
650 ## - SUBJECT ADDED ENTRY--TOPICAL TERM
Topical term or geographic name entry element GIS
650 ## - SUBJECT ADDED ENTRY--TOPICAL TERM
Topical term or geographic name entry element GPS
650 ## - SUBJECT ADDED ENTRY--TOPICAL TERM
Topical term or geographic name entry element GEOSPATIAL INFORMATION
690 ## - LOCAL SUBJECT ADDED ENTRY--TOPICAL TERM (OCLC, RLIN)
Topical term or geographic name as entry element Geomatics
9 (RLIN) 6242
700 ## - ADDED ENTRY--PERSONAL NAME
Personal name Poiker, Thomas
700 ## - ADDED ENTRY--PERSONAL NAME
Personal name Moore, Patrick
942 ## - ADDED ENTRY ELEMENTS (KOHA)
Suppress in OPAC 0
Holdings
Withdrawn status Lost status Source of classification or shelving scheme Damaged status Not for loan Home library Current library Shelving location Date acquired Cost, normal purchase price Total Checkouts Full call number Barcode Date last seen Date last checked out Copy number Cost, replacement price Price effective from Koha item type
    Dewey Decimal Classification     London London Books 22/07/2004 35.35 1 526.9823 THU 30069297 06/08/2019 30/07/2007 1 35.35 06/08/2019 Book